000
00319nam a22001337a 4500
008
171009b xxu||||| |||| 00| 0 eng d
020
_a
9780131706811
041
_a
eng
080
_2
4TH
_a
159.9
100
_a
49
101
_a
PSI
245
_a
MULTICULTURAL COUNSELING AND PSYCHOTHERAPY
_c
BARUTH,L.G
942
_2
udc
_c
BK
999
_c
32484
_d
32484